| 000 | 00814nam2a22002051 4500 | ||
|---|---|---|---|
| 001 | rc\332282 | ||
| 005 | 20250621064327.0 | ||
| 035 | _a(NLR Aleph) 005632345 | ||
| 090 |
_a6586688 _c6586688 |
||
| 100 | _a20030307d1989 |||y0rusy50 ca | ||
| 101 | 0 | _arus | |
| 102 | _aRU | ||
| 105 | _ay ||||||||| | ||
| 200 | 1 |
_aКооперативные и арендные отношения в сельском хозяйстве _fКрисальный А.В., Положий В.Н. |
|
| 461 | 0 |
_1001rc\332275 _12001#$aБиблиотечка арендатора$e7 бр. в манжетке$v[7] _96586623 _cКиев _d1989 _nУрожай _o7 бр. в манжетке _tБиблиотечка арендатора _v[7] |
|
| 801 | 0 |
_aRU _bNLR _gpsbo |
|
| 801 | 1 |
_aRU _bELAR _2rusmarc |
|
| 852 |
_aNLR _j89-2/2663 |
||
| 942 | _cBOOK | ||
| 980 | _aNB | ||